000 00733nam a22002177a 4500
005 20251108174704.0
008 250721s9999 xx 000 0 ara d
082 1 4 _a613.7/ديم
100 1 _aديمولان، شانتال
_eمؤلف
245 1 0 _aالرشاقة أثناء الحمل : تمارين و نصائح /
264 1 _aبيروت :
_bدار القلم للطباعة و النشر والتوزيع،
_c[200-].
300 _a111 ص.
490 0 _aالأهل
650 1 7 _aالتمرينات الرياضيه
650 1 7 _aالحمل
650 1 7 _aتقليص الوزن
700 1 _aالرقا، مصطفى
_eمترجم
700 1 _aالكردي، بسام
_eمترجم
942 _2ddc
_cBK
999 _c115521
_d115521